LA FILOSOFIA POLITICA EN LA CONQUISTA DE AMERICA/
Guardat en:
| Autor principal: | |
|---|---|
| Format: | Llibre |
| Edició: | 2a edición |
| Matèries: | |
| Etiquetes: |
Sense etiquetes, Sigues el primer a etiquetar aquest registre!
|
MARC
| LEADER | 00000nam^a2200000^a^4500 | ||
|---|---|---|---|
| 001 | 000224257 | ||
| 005 | 20250521000000.0 | ||
| 009 | 20260310104044.697 | ||
| 035 | |a 042916 | ||
| 037 | |a Acervo Xavier Clavigero | ||
| 082 | |a 980. 013 |b ZAV | ||
| 100 | |a Zavala, Silvio |e (autor) | ||
| 245 | 1 | 3 | |a LA FILOSOFIA POLITICA EN LA CONQUISTA DE AMERICA/ |c SILVIO ZAVALA |
| 250 | |a 2a edición | ||
| 264 | |a MEXICO : |b FONDO DE CULTURA ECONOMICA, |c 1972 | ||
| 300 | |a 143p. | ||
| 336 | |a texto |b txt |2 rdacontenido | ||
| 337 | |a sin mediación |b n |2 rdamedio | ||
| 338 | |a volumen |b nc |2 rdasoporte | ||
| 649 | |a XX | ||
| 650 | |a América - |x Historia - |y Descubrimiento y Exploración | ||
| 650 | |a Iberoamérica - |x Historia | ||
| 910 | |a Fondo General | ||
| 920 | |a Impresos - Libros | ||
| 930 | |a Colección General | ||
| 905 | |a 101 | ||
| 901 | |a 042916 |b IT1 |c ACC |i 042916 |u 20250521 | ||
| 902 | |a https://opac.biblio.iteso.mx/vufind/Record/000224257 | ||